[Event "Oberliga Ost-B 0910"]
[Site "Germany"]
[Date "2010.02.28"]
[Round "8.5"]
[White "Eckhardt, Thorsten"]
[Black "Streltsyn, Grygoriy"]
[Result "1/2-1/2"]
[WhiteElo "2147"]
[BlackElo "2123"]
[PlyCount "71"]
[EventDate "2009.10.18"]
[EventType "team-tourn"]
[EventRounds "11"]
[EventCountry "GER"]
[SourceTitle "EXT 2011"]
[Source "ChessBase"]
[SourceDate "2010.11.26"]
[SourceVersion "1"]
[SourceVersionDate "2010.11.26"]
[SourceQuality "1"]
[WhiteTeam "Hungen Lich"]
[BlackTeam "Erfurt SK II"]
[WhiteTeamCountry "GER"]
[BlackTeamCountry "GER"]

1. d4 d5 2. Nf3 Nf6 3. e3 Bf5 4. c4 e6 5. Nc3 c6 6. Be2 h6 7. 0-0 Bd6 8. Qb3 Qc7 9. Bd2 Nbd7 10. Rac1 a6 11. c5 Be7 12. Na4 0-0 13. Nb6 Nxb6 14. Ba5 Nfd7 15. Bxb6 Nxb6 16. cxb6 Qd6 17. Rc3 Qb4 18. Rfc1 a5 19. a4 Bd8 20. Ne5 f6 21. Nd7 Rf7 22. Nc5 Bxb6 23. g4 Bxc5 24. gxf5 Bd6 25. fxe6 Re7 26. Qc2 Qb6 27. Qf5 Rf8 28. Bh5 Qc7 29. Kh1 Bb4 30. R3c2 Qd6 31. Bf7+ Rfxf7 32. exf7+ Rxf7 33. Rg1 Qd7 34. Qg6 Qh3 35. Rcc1 Qf3+ 36. Rg2 1/2-1/2

[Event "Oberliga Ost-B 0809"]
[Site "Germany"]
[Date "2009.03.28"]
[Round "10.5"]
[White "Streltsyn, Grygoriy"]
[Black "Hoehn, Michael"]
[Result "1-0"]
[WhiteElo "2106"]
[BlackElo "2147"]
[PlyCount "63"]
[EventDate "2008.10.26"]
[EventType "team-tourn"]
[EventRounds "11"]
[EventCountry "GER"]
[SourceTitle "EXT 2010"]
[Source "ChessBase"]
[SourceDate "2010.11.25"]
[SourceVersion "1"]
[SourceVersionDate "2010.11.25"]
[SourceQuality "1"]
[WhiteTeam "Erfurt SK II"]
[BlackTeam "Offenbach"]
[WhiteTeamCountry "GER"]
[BlackTeamCountry "GER"]

1. d4 Nf6 2. Nc3 d5 3. Bg5 e6 4. e4 Be7 5. e5 Ne4 6. Bxe7 Qxe7 7. Nxe4 dxe4 8. c3 Bd7 9. Qg4 0-0 10. Qxe4 Bc6 11. Qg4 f6 12. f4 fxe5 13. fxe5 Rf5 14. Bc4 g6 15. Nh3 Nd7 16. Nf4 Rxf4 17. Qxf4 Bxg2 18. Rg1 Bh3 19. 0-0-0 Rf8 20. Qg3 Bf5 21. h4 c5 22. h5 cxd4 23. Rxd4 Nc5 24. hxg6 hxg6 25. Rf4 Qg7 26. Qe3 Qe7 27. b4 Na4 28. Rxf5 Rxf5 29. Rxg6+ Kf7 30. Rxe6 Rf1+ 31. Kc2 Qh4 32. Rf6+ 1-0

[Event "Oberliga Ost-B 0809"]
[Site "Germany"]
[Date "2009.03.15"]
[Round "9.5"]
[White "Wohlfart, Paulus"]
[Black "Streltsyn, Grygoriy"]
[Result "1/2-1/2"]
[WhiteElo "2188"]
[BlackElo "2106"]
[PlyCount "45"]
[EventDate "2008.10.26"]
[EventType "team-tourn"]
[EventRounds "11"]
[EventCountry "GER"]
[SourceTitle "EXT 2010"]
[Source "ChessBase"]
[SourceDate "2010.11.25"]
[SourceVersion "1"]
[SourceVersionDate "2010.11.25"]
[SourceQuality "1"]
[WhiteTeam "Moerlenbach"]
[BlackTeam "Erfurt SK II"]
[WhiteTeamCountry "GER"]
[BlackTeamCountry "GER"]

1. d4 d5 2. c4 Nc6 3. cxd5 Qxd5 4. e3 e5 5. Nc3 Bb4 6. Bd2 Bxc3 7. bxc3 exd4 8. cxd4 Nf6 9. Ne2 Bf5 10. Nc3 Qd7 11. Be2 0-0 12. 0-0 Ne7 13. Bf3 c6 14. e4 Bg6 15. Bg5 Rad8 16. Bxf6 gxf6 17. d5 f5 18. Qa4 fxe4 19. dxc6 Qxc6 20. Qxc6 Nxc6 21. Bxe4 Bxe4 22. Nxe4 Rd4 23. f3 1/2-1/2

[Event "Friedrichroda op 11th"]
[Site "Friedrichroda"]
[Date "2007.08.10"]
[Round "4"]
[White "Ehrler, Ralf"]
[Black "Streltsyn, Grygoriy"]
[Result "1-0"]
[WhiteElo "1914"]
[BlackElo "2106"]
[PlyCount "63"]
[EventDate "2007.08.08"]
[EventType "swiss"]
[EventRounds "7"]
[EventCountry "GER"]
[SourceTitle "CBM 120 Extra"]
[Source "ChessBase"]
[SourceDate "2007.11.01"]
[SourceVersion "1"]
[SourceVersionDate "2007.11.01"]
[SourceQuality "1"]

1. e4 c6 2. Nc3 d5 3. Qf3 Be6 4. Bd3 Nf6 5. e5 Nfd7 6. Qg3 Nc5 7. Be2 Bf5 8. d3 e6 9. f4 h6 10. Nf3 Nbd7 11. 0-0 Rg8 12. Kh1 Be7 13. Nd4 Qc7 14. Nxf5 exf5 15. Qh3 g6 16. Bd2 Ne6 17. Rfb1 h5 18. b4 f6 19. Bxh5 gxh5 20. Qxh5+ Kf8 21. Qxf5 Nd4 22. Qh5 Bxb4 23. Rxb4 Nxc2 24. e6 Nc5 25. f5 Nxb4 26. Bh6+ Rg7 27. Re1 Ne4 28. dxe4 Nd3 29. Re3 Nf2+ 30. Kg1 Kg8 31. Bxg7 Qxg7 32. Rg3 1-0

[Event "Friedrichroda op 11th"]
[Site "Friedrichroda"]
[Date "2007.08.09"]
[Round "2"]
[White "Pinternagel, Eike"]
[Black "Streltsyn, Grygoriy"]
[Result "1-0"]
[WhiteElo "1893"]
[BlackElo "2106"]
[PlyCount "89"]
[EventDate "2007.08.08"]
[EventType "swiss"]
[EventRounds "7"]
[EventCountry "GER"]
[SourceTitle "CBM 120 Extra"]
[Source "ChessBase"]
[SourceDate "2007.11.01"]
[SourceVersion "1"]
[SourceVersionDate "2007.11.01"]
[SourceQuality "1"]

1. e4 e6 2. d4 d5 3. Nd2 Nf6 4. e5 Nfd7 5. c3 c5 6. Bd3 b6 7. Qe2 Nc6 8. Ndf3 cxd4 9. cxd4 Nb4 10. Bd2 Nxd3+ 11. Qxd3 a5 12. Ne2 Ba6 13. Qe3 Rc8 14. 0-0 Rc2 15. Rfb1 Bxe2 16. Qxe2 Be7 17. Qd3 Rc7 18. Rc1 0-0 19. Rxc7 Qxc7 20. Rc1 Qb7 21. Qc2 Rb8 22. Bg5 Bxg5 23. Nxg5 g6 24. h4 Kg7 25. h5 h6 26. Nxf7 Kxf7 27. Qxg6+ Ke7 28. Qg7+ Ke8 29. Rc3 Rc8 30. Rf3 Kd8 31. Qg8+ Kc7 32. Qxe6 Qc6 33. Rc3 Nc5 34. Qf7+ Qd7 35. Qg6 Qc6 36. dxc5 bxc5 37. Qf7+ Kb6 38. Rf3 Kb5 39. Rf6 Qa8 40. Rd6 Rd8 41. Rxd8 Qxd8 42. e6 Qg5 43. e7 Qc1+ 44. Kh2 Qxb2 45. e8Q+ 1-0

[Event "Friedrichroda op 11th"]
[Site "Friedrichroda"]
[Date "2007.08.08"]
[Round "1"]
[White "Streltsyn, Grygoriy"]
[Black "Handwerk, Stefan"]
[Result "1-0"]
[WhiteElo "2106"]
[BlackElo "1694"]
[PlyCount "130"]
[EventDate "2007.08.08"]
[EventType "swiss"]
[EventRounds "7"]
[EventCountry "GER"]
[SourceTitle "CBM 120 Extra"]
[Source "ChessBase"]
[SourceDate "2007.11.01"]
[SourceVersion "1"]
[SourceVersionDate "2007.11.01"]
[SourceQuality "1"]

1. d4 e6 2. Nf3 d5 3. Bg5 Be7 4. Bxe7 Qxe7 5. c3 Nf6 6. e3 b6 7. Bd3 Nbd7 8. Nbd2 Bb7 9. Qe2 e5 10. dxe5 Ng4 11. Ba6 Bxa6 12. Qxa6 0-0 13. Qb7 Nc5 14. Qxd5 Rad8 15. Qc4 Nd3+ 16. Ke2 Ngxf2 17. Rhb1 Nxe5 18. Nxe5 Qxe5 19. Nf3 Qe4 20. Qxe4 Nxe4 21. Rd1 Rfe8 22. Nd4 a6 23. a4 Rd6 24. Nb3 Rde6 25. Rd3 c5 26. c4 Nd6 27. Rc1 f5 28. g3 Nf7 29. Nd2 Ne5 30. Rb3 Nc6 31. Kf2 Nb4 32. Nf3 Rd8 33. Ke2 h6 34. Rd1 Rde8 35. Kf2 Nc2 36. Rdd3 g5 37. Ne1 Nb4 38. Rd7 f4 39. gxf4 gxf4 40. Ng2 fxe3+ 41. Rxe3 Rf8+ 42. Ke2 Ref6 43. Rg3+ Kh8 44. Nh4 Re8+ 45. Kd2 Ree6 46. Kc3 Na2+ 47. Kb3 Nc1+ 48. Kc2 Ne2 49. Rg2 Nd4+ 50. Kc3 Nc6 51. Rg3 Nb4 52. Rdg7 h5 53. Rg8+ Kh7 54. R8g5 Na2+ 55. Kb3 Nc1+ 56. Ka3 Ne2 57. Rxh5+ Rh6 58. Rxh6+ Kxh6 59. Nf5+ Kh7 60. Rg7+ Kh8 61. Re7 Rf6 62. Rxe2 Rxf5 63. Re6 Rf3+ 64. Ka2 b5 65. axb5 axb5 1-0